| 000 | 00571nam a2200217 a 4500 | ||
|---|---|---|---|
| 001 | BRCA_6099 | ||
| 005 | 20190320205332.0 | ||
| 008 | 220611s1922----fr-#######---#000-1#fre-# | ||
| 041 | _afre | ||
| 044 | _afr | ||
| 050 | 4 |
_aPQ2625 .A95 _b.S55 _c1922 |
|
| 100 | 1 |
_aMaurois, Andre _915420 |
|
| 245 | 1 | 0 |
_aLes silences du colonel Bramble _cAndre Maurois. |
| 260 |
_aParĂs _bLarousse _c1922 |
||
| 300 |
_a214 p. _c18 cm. |
||
| 500 | _aI23 | ||
| 650 | 1 | 4 |
_aGuerra Europea _eNovela _y1914-1918 _914945 |
| 650 | 1 | 4 |
_aLiteratura francesa _915421 |
| 902 | _aGFM | ||
| 942 |
_2lcc _cB |
||
| 999 |
_c5786 _d5786 |
||